| 000 | 01164nac a22003371u 4500 | ||
|---|---|---|---|
| 003 | EG-ScBUE | ||
| 005 | 20220605133149.0 | ||
| 008 | 200219t2006 nyua f b 001 0 eng d | ||
| 020 | _a0321276450 (student ed.) | ||
| 020 | _a9780321276452 | ||
| 040 |
_aEG-ScBUE _beng _erda _cEG-ScBUE _dEG-ScBUE |
||
| 082 | 0 | 4 |
_a428.40711 _bMCW _222 |
| 100 | 1 |
_aMcWhorter, Kathleen T., _eauthor. |
|
| 245 | 1 | 0 |
_aGuide to college reading / _cKathleen T. McWhorter, Niagara Country Community College. |
| 250 | _aSeventh edition. | ||
| 264 | 1 |
_aNew York : _bLongman, _c[2006] |
|
| 264 | 4 | _cc2006 | |
| 300 |
_axxv, 598 pages : _billustrations (some color) ; _c24 cm |
||
| 336 |
_2rdacontent _atext _btxt |
||
| 337 |
_2rdamedia _aunmediated _bn |
||
| 338 |
_2rdacarrier _avolume _bnc |
||
| 504 | _aIncludes bibliographical references and index. | ||
| 650 | 7 |
_aReading (Higher education) _2BUEsh |
|
| 650 | 7 |
_aDevelopmental reading. _2BUEsh _941099 |
|
| 650 | 7 |
_aCollege readers. _2BUEsh |
|
| 651 | _2BUEsh | ||
| 653 | _bHHUUEENN | ||
| 655 |
_vReading book _934232 |
||
| 856 | 4 | 1 |
_3Table of contents _uhttp://www.loc.gov/catdir/toc/ecip055/2004030915.html |
| 942 |
_cBB _2ddc |
||
| 999 |
_c1467 _d1467 |
||